Espíritu, carisma, liberación (Record no. 109149)

MARC details
000 -LEADER
campo de control de longitud fija 00639nam a2200205 4500
001 - NÚMERO DE CONTROL
campo de control 109149
003 - IDENTIFICADOR DE NÚMERO DE CONTROL
campo de control ES-MaACL
005 - FECHA Y HORA DE LA ÚLTIMA TRANSACCIÓN
campo de control 20230906184802.0
007 - CAMPO FIJO DE DESCRIPCIÓN FÍSICA--INFORMACIÓN GENERAL
campo de control de longitud fija t|
008 - DATOS DE LONGITUD FIJA--INFORMACIÓN GENERAL
campo de control de longitud fija 061121s1976 sp r ||||1| spa d
100 1# - ENTRADA PRINCIPAL--NOMBRE DE PERSONA
Nombre de persona Muehlen, Heribert.
9 (RLIN) 84030
245 10 - MENCIÓN DEL TÍTULO
Título Espíritu, carisma, liberación
Resto del título : la renovación de la fé cristiana /
Mención de responsabilidad, etc. Heribert Muehlen; traducción de Luis Artigas.
260 ## - PUBLICACIÓN, DISTRIBUCIÓN, ETC.
Lugar de publicación, distribución, etc. Salamanca :
Nombre del editor, distribuidor, etc. Secretariado Trinitario,
Fecha de publicación, distribución, etc. 1976.
300 ## - DESCRIPCIÓN FÍSICA
Extensión 287 p. ;
Dimensiones 22 cm.
490 1# - MENCIÓN DE SERIE
Mención de serie Koinonia
700 1# - ENTRADA AGREGADA--NOMBRE PERSONAL
Nombre de persona Artigas, Luis.
9 (RLIN) 23466
830 0# - PUNTO DE ACCESO ADICIONAL DE SERIE-TÍTULO UNIFORME
Título uniforme Koinonia
9 (RLIN) 186846
852 ## - LOCALIZACIÓN
Ubicación ES-MaACL
Número de control de estantería A-6533
Sublocalización o colección R.95588
Holdings
Estatus retirado Estado de pérdida Estado de daño No para préstamo Biblioteca de origen Biblioteca actual Ubicación en estantería Fecha de adquisición Fuente de adquisición Total de préstamos Signatura topográfica completa Código de barras Visto por última vez Precio de reemplazo Tipo de ítem Koha
        Biblioteca del Ateneo de Madrid Biblioteca del Ateneo de Madrid Sala Pecera Planta 1 17/01/2008     A-6533 1113887 23/02/2023 23/02/2023 Libro impreso